Detalles MARC
| 000 -CABECERA |
| campo de control de longitud fija |
04650nam a2200313 4500 |
| 001 - NÚMERO DE CONTROL |
| campo de control |
113485 |
| 003 - IDENTIFICADOR DEL NÚMERO DE CONTROL |
| campo de control |
DR-UNIBE |
| 005 - FECHA Y HORA DE LA ÚLTIMA TRANSACCIÓN |
| campo de control |
20250424135825.0 |
| 008 - DATOS DE LONGITUD FIJA--INFORMACIÓN GENERAL |
| campo de control de longitud fija |
250424b2001 dr ||||| |||| 00| 0 spa d |
| 020 ## - NÚMERO INTERNACIONAL ESTÁNDAR DEL LIBRO |
| Número Internacional Estándar del Libro |
9789993481645 |
| 020 ## - NÚMERO INTERNACIONAL ESTÁNDAR DEL LIBRO |
| Número Internacional Estándar del Libro |
9993481645 |
| 040 ## - FUENTE DE LA CATALOGACIÓN |
| Centro catalogador/agencia de origen |
BIBLIOTECA UNIBE |
| Centro/agencia transcriptor |
BIBLIOTECA UNIBE |
| Lengua de catalogación |
spa |
| 041 ## - CÓDIGO DE LENGUA |
| Código de lengua del texto/banda sonora o título independiente |
spa |
| 082 ## - NÚMERO DE LA CLASIFICACIÓN DECIMAL DEWEY |
| Número de edición |
22 |
| Número de clasificación |
RD 347.7293016 C348m 2001 |
| 100 1# - ENTRADA PRINCIPAL--NOMBRE DE PERSONA |
| Nombre de persona |
Castellanos Estrella, Víctor José |
| Término indicativo de función/relación |
autor |
| 9 (RLIN) |
29257 |
| 245 10 - MENCIÓN DE TÍTULO |
| Título |
Manual para jueces de paz / |
| Mención de responsabilidad, etc. |
Víctor José Castellanos Estrella |
| 250 ## - MENCIÓN DE EDICIÓN |
| Mención de edición |
Tercera edición ampliada, corregida y actualizada |
| 260 ## - PUBLICACIÓN, DISTRIBUCIÓN, ETC. |
| Lugar de publicación, distribución, etc. |
Santo Domingo : |
| Nombre del editor, distribuidor, etc. |
Escuela Nacional de la Judicatura, |
| Fecha de publicación, distribución, etc. |
2001 |
| 300 ## - DESCRIPCIÓN FÍSICA |
| Extensión |
643 páginas ; |
| Dimensiones |
28 cm |
| 490 ## - MENCIÓN DE SERIE |
| Mención de serie |
Biblioteca básica del juez de paz ; |
| Designación de volumen o secuencia |
1 |
| 500 ## - NOTA GENERAL |
| Nota general |
"Premio Nacional de Didáctica, 1991." |
| 505 0# - NOTA DE CONTENIDO CON FORMATO |
| Nota de contenido con formato |
Introducción |<br/>Introducciones para el uso de este manual |<br/>PRIMERA PARTE. NORMATIVA JURÍDICA |<br/>Capítulo I. La Constitución dominicana |<br/>Capítulo II. La ley y otras fuentes |<br/>Capítulo III. El poder judicial |<br/>Capítulo IV. El juez de paz |<br/>Capítulo V. La acción en justicia |<br/>Capítulo VI. El proceso en el juzgado de paz |<br/>Capítulo VII. La sentencia |<br/>SEGUNDA PARTE. ANÁLISIS DE LAS DISTINTAS LEYES PENALES QUE SON DE LA COMPETENCIA DEL JUZ DE PAZ. MODELOS DE ACTOS Y SENTENCIAS |<br/>1. Ley 241 de tránsito y vehículo de motor, Gaceta oficial 9068, de 3 de enero de 1968. Con sus modificaciones principales sobre la competencia de los juzgados de paz, las leyes No. 585, de 1977, que crea los juzgados especiales de tránsito y la No. 114, que los faculta para conocer en primer grado de todas las infracciones a la ley 241 |<br/>2. Ley 1896, del 30 de octubre de 1948, sobre seguros sociales, Gaceta oficial 6883, del 14 de enero de 1949 |<br/>3. Artículo 311 del código penal |<br/>4. Artículo 410 del código penal |<br/>5. Ley de policía No. 4984, del 27 de marzo de 1911 |<br/>6. Ley 14-94, código para la protección de niños |<br/>7. Ley No. 13 del 27 de abril de 1963 sobre control de precios, reformada por las leyes 60 y 352 del 20 de noviembre de 1965 y 10 de septiembre de 1968 respectivamente |<br/>8. Ley 13 bis, de fecha 12 de octubre 197 (falta de pago por alquiler de vehículos) |<br/>9. Ley No. 36 sobre comercio, porte y tenencia de armas, del 17 de octubre de 1965. Gaceta oficial 8950 |<br/>10. Ley No. 5852 sobre dominio de aguas terrestres y distribución de aguas públicas |<br/>11. Ley No. 5260 sobre establecimiento de empresas comerciales o industriales, registro mercantil o inscripción industrial. Gaceta oficial No. 8428 del 5 de diciembre de 1959 |<br/>12. Reglamento 4377 sobre bromatología nacional. Gaceta oficial No. 8315 |<br/>13. Artículo 401, inciso 1 y los dos últimos acápites del mismo artículo del código penal |<br/>14. Ley No. 1841 sobre préstamos con prenda sin desapoderamiento del 9 de noviembre de 1948. Gaceta oficial No. 6857 |<br/>15. Ley No. 00016 o código de trabajo, de fecha 29 de mayo de 1992. Gaceta oficial No. 9836 de fecha 31 de mayo de 1992 |<br/>16. Listado de otras leyes de la competencia del juzgado de paz en atribuciones penales |<br/>TERCERA PARTE. MODELOS DE SENTENCIAS DE CARÁCTER CIVIL Y COMERCIAL |<br/>A. Cobro de pesos |<br/>B. Desalojo o cobro de pesos |<br/>C. Lanzamiento de lugar y desalojo |<br/>D. Desahucio |<br/>E. Acciones posesorias |<br/>F. Sentencia que ordena autorización de embargo con motivo de incumplimiento de pensión alimentaria (Ley 14-94 código para niños, niñas y adolescentes) |<br/>G. Sentencia comercial en cobro de pesos |<br/>CUARTA PARTE. ACTOS ADMINISTRATIVOS DEL JUEZ DE PAZ |<br/>Capítulo I. El consejo de familia |<br/>Capítulo II. Actos de notoriedad |<br/>Capítulo III. Procedimiento de fijación y levantamiento de sellos |<br/>Capítulo IV. Procedimiento con motivo de ejecución de contrato prendario |<br/>Capítulo V. Otros actos administrativos |<br/>QUINTA PARTE. MODELOS DE SENTENCIAS PARA LOS JUZGADOS DE PAZ MUNICIPALES |<br/>1. Sentencias dictadas con motivo de violación a la ley 675, de construcción y ornato público |<br/>SEXTA PARTE. ANEXOS |<br/>1. Gráfico: distribución jueces de paz por departamento judicial por sexo |<br/>2. Cuadro: composición judicial dominicana por sexo |<br/>3. Mapas: juzgados de paz por municipio, juzgados especiales de tránsito y juzgados especiales municipales |<br/>4. Glosario |<br/>Bibliografía<br/> |
| 650 #7 - PUNTO DE ACCESO ADICIONAL DE MATERIA--TÉRMINO DE MATERIA |
| Fuente del encabezamiento o término |
lemb |
| Término de materia o nombre geográfico como elemento de entrada |
Jueces de paz |
| Subdivisión geográfica |
República Dominicana |
| Subdivisión de forma |
Manuales |
| 9 (RLIN) |
194548 |
| 650 #4 - PUNTO DE ACCESO ADICIONAL DE MATERIA--TÉRMINO DE MATERIA |
| Término de materia o nombre geográfico como elemento de entrada |
Juzgados de paz |
| Subdivisión general |
Organización |
| Subdivisión de forma |
Manuales |
| 9 (RLIN) |
194549 |
| 650 #7 - PUNTO DE ACCESO ADICIONAL DE MATERIA--TÉRMINO DE MATERIA |
| Fuente del encabezamiento o término |
lemb |
| Término de materia o nombre geográfico como elemento de entrada |
Administración de justicia |
| Subdivisión geográfica |
República Dominicana |
| 9 (RLIN) |
8552 |
| 655 #7 - TÉRMINO DE INDIZACIÓN--GÉNERO/FORMA |
| Fuente del término |
lemb |
| Datos o término principal de género/forma |
Manuales |
| 9 (RLIN) |
194534 |
| 700 1# - PUNTO DE ACCESO ADICIONAL--NOMBRE DE PERSONA |
| Nombre de persona |
Subero Isa, Jorge A., |
| Fechas asociadas al nombre |
1947- |
| Término indicativo de función/relación |
prologuista |
| 942 ## - ELEMENTOS DE PUNTO DE ACCESO ADICIONAL (KOHA) |
| Fuente del sistema de clasificación o colocación |
Sistema de Clasificación Decimal Dewey |
| Tipo de ítem Koha |
Libro (general) |